| 000 | 00976nam a2200253Ia 4500 | ||
|---|---|---|---|
| 003 | Ost | ||
| 005 | 20260507075414.0 | ||
| 008 | 260507s9999||||xx |||||||||||||| ||und|| | ||
| 020 | _a978977627452 | ||
| 040 | _cfsecg | ||
| 041 | _aara | ||
| 082 | _a330 | ||
| 100 |
_aخصاونة، صالح _eمؤلف |
||
| 245 | 0 |
_aمبادئ الإقتصاد / _c صالح خصاونة |
|
| 260 |
_aالقاهرة: _bالشركة العربية المتحدة للتسويق والتوريدات, _c2008 |
||
| 300 |
_a448 صفحة؛ _bإيضاحات ؛ _c24 سم |
||
| 504 | _aالمراجع ص.446 | ||
| 520 | _aيضم الدخل القومي،عناصر الدخل القومي، تحليل توازن الدخل القومي، النقود والمصارف، البطالة والتضخم، ادارة الاقتصاد الوطني | ||
| 653 | _aالبطالة | ||
| 653 | _aالتضخم | ||
| 653 | _aالدخل القومي | ||
| 653 | _aالنقود | ||
| 942 | _cكتاب | ||
| 999 |
_c44434 _d44434 |
||